[Event "6. Raiffeisen Open - A"]
[Site "Aschach"]
[Date "1997.12.26"]
[Round "1"]
[White "Schmidt, Peter"]
[Black "Mitzka, Franz"]
[Result "1-0"]
[WhiteElo "2410"]
[BlackElo "2035"]
[PlyCount "28"]
[EventDate "1997.??.??"]
[Source "Union Hartkirch"]
[SourceDate "1998.01.01"]

1. e4 e5 2. Nf3 Nc6 3. Bc4 Nf6 4. d3 Be7 5. O-O d6 6. a4 Nh5 7. Ng5 Bxg5 8.
Qxh5 g6 9. Qxg5 f6 10. Qh6 Qe7 11. Nc3 Be6 12. Bxe6 Qxe6 13. Nd5 O-O-O 14. Qg7
Kb8 1-0

[Event "6. Raiffeisen Open - A"]
[Site "Aschach"]
[Date "1997.12.26"]
[Round "1"]
[White "Pisk, Petr"]
[Black "Gruber, Gernot"]
[Result "1-0"]
[WhiteElo "2340"]
[BlackElo "2015"]
[PlyCount "93"]
[EventDate "1997.??.??"]
[Source "Union Hartkirch"]
[SourceDate "1998.01.01"]

1. e4 e6 2. d4 d5 3. Nc3 Bb4 4. Nge2 dxe4 5. a3 Be7 6. Nxe4 Nf6 7. N2g3 b6 8.
Bd3 Nbd7 9. O-O Bb7 10. c4 O-O 11. Qe2 c5 12. dxc5 Nxc5 13. Nxc5 Bxc5 14. Bf4
Qd7 15. Rfd1 Qc6 16. Qf1 Rad8 17. Be2 Ne4 18. Nxe4 Qxe4 19. Bc7 Rxd1 20. Rxd1
Qc6 21. Bg3 Qa4 22. Bd3 a5 23. Be5 f6 24. Bc3 Rc8 25. Qe2 Qe8 26. b4 axb4 27.
axb4 Bf8 28. Qe3 Qc6 29. Bf1 e5 30. Rd5 Qa4 31. Rb5 Bc6 32. Rxb6 Qd1 33. Qd3
Qa4 34. c5 Be7 35. b5 Rd8 36. Qe3 Bd5 37. c6 Rc8 38. Rb7 Kf8 39. Rxe7 Kxe7 40.
Qc5+ Ke6 41. Bb4 Qd1 42. Qe7+ Kf5 43. Qd7+ Kg6 44. c7 Rxc7 45. Qxc7 Bxg2 46.
Qc4 Bd5 47. Qd3+ 1-0

[Event "6. Raiffeisen Open - A"]
[Site "Aschach"]
[Date "1997.12.26"]
[Round "1"]
[White "Birklbauer, Toni"]
[Black "Grabher, Heinz"]
[Result "0-1"]
[WhiteElo "1987"]
[BlackElo "2260"]
[PlyCount "66"]
[EventDate "1997.??.??"]
[Source "Union Hartkirch"]
[SourceDate "1998.01.01"]

1. d4 d5 2. Nf3 Nc6 3. Bf4 Bg4 4. Nbd2 e6 5. c3 Bd6 6. Bg3 Nge7 7. e4 Bxg3 8.
hxg3 dxe4 9. Nxe4 Qd5 10. Ned2 O-O-O 11. Be2 e5 12. c4 Qa5 13. d5 Nxd5 14. cxd5
Rxd5 15. b4 Nxb4 16. O-O e4 17. Nh2 Bxe2 18. Qxe2 f5 19. Nb3 Qb6 20. Rfd1 Nd3
21. Nf1 g6 22. Ne3 Rdd8 23. Rab1 h5 24. a4 h4 25. a5 Qd6 26. Nc4 Qe6 27. Qc2
hxg3 28. fxg3 g5 29. a6 Qxa6 30. Ra1 Qh6 31. Rxd3 exd3 32. Qa2 a6 33. Qf2 Qh1#
0-1

[Event "6. Raiffeisen Open - A"]
[Site "Aschach"]
[Date "1997.12.26"]
[Round "1"]
[White "Simic, Milan"]
[Black "Lendwai, Reinhard"]
[Result "1/2-1/2"]
[WhiteElo "2026"]
[BlackElo "2375"]
[PlyCount "84"]
[EventDate "1997.??.??"]
[Source "Union Hartkirch"]
[SourceDate "1998.01.01"]

1. d4 Nf6 2. c4 e5 3. dxe5 Ng4 4. Nf3 Bc5 5. e3 Nc6 6. Be2 O-O 7. O-O Re8 8.
Nc3 Ngxe5 9. Nxe5 Nxe5 10. Nd5 c6 11. Nf4 d6 12. Bd2 a5 13. Bc3 Bf5 14. Nd3
Bxd3 15. Bxd3 Qh4 16. Bxe5 Rxe5 17. Be2 Rae8 18. g3 Rg5 19. Kh1 Qe4+ 20. Kg1
Qe6 21. Qd3 Re5 22. Bf3 h5 23. a3 h4 24. b4 Bb6 25. bxa5 Rxa5 26. Rab1 Bc5 27.
Rxb7 Rxa3 28. Rb3 Ra6 29. Rfb1 g6 30. Rb8 Kh7 31. Rxe8 Qxe8 32. Qe4 Qxe4 33.
Bxe4 f5 34. Bg2 Kh6 35. gxh4 Kh5 36. Bf3+ Kxh4 37. Kg2 Ra2 38. Re1 f4 39. Re2
Rxe2 40. Bxe2 fxe3 41. fxe3 Bxe3 42. Bf3 c5 1/2-1/2

[Event "6. Raiffeisen Open - A"]
[Site "Aschach"]
[Date "1997.12.26"]
[Round "1"]
[White "Wendt, Rene"]
[Black "Schroeder, Hubert"]
[Result "1/2-1/2"]
[WhiteElo "2290"]
[BlackElo "2015"]
[PlyCount "118"]
[EventDate "1997.??.??"]
[Source "Union Hartkirch"]
[SourceDate "1998.01.01"]

1. d4 d5 2. c4 e6 3. Nc3 f5 4. g3 Nf6 5. Bg2 c6 6. Nf3 Be7 7. O-O O-O 8. Bg5
Nbd7 9. e3 Ne4 10. Bxe7 Qxe7 11. Qc2 g5 12. Rab1 g4 13. Ne5 Nxe5 14. dxe5 Ng5
15. Ne2 Qg7 16. b4 Qxe5 17. b5 Bd7 18. a4 Rac8 19. Qd3 cxb5 20. cxd5 a6 21. Nd4
exd5 22. axb5 axb5 23. Nxb5 Bc6 24. Nd4 Rf6 25. Rfc1 Ne6 26. Nxe6 Qxe6 27. Bxd5
Bxd5 28. Rxc8+ Kg7 29. Rc7+ Kg6 30. Rb4 h5 31. Rd4 Bc6 32. Qa3 Qe5 33. Qe7 Qxe7
34. Rxe7 Bf3 35. Red7 b5 36. R7d6 Be2 37. Kg2 Kf7 38. Rd7+ Ke6 39. R7d6+ Ke5
40. R4d5+ Ke4 41. Rd4+ Ke5 42. Rxf6 Kxf6 43. Rd2 Bf3+ 44. Kf1 Ke5 45. Rd4 Bd5
46. Ke1 Bc4 47. Kd2 Bf1 48. Kc3 Be2 49. Kb4 Bf1 50. Kc5 Be2 51. Kc6 Bc4 52. Kd7
Be6+ 53. Kc6 Bc4 54. Kc5 Be2 55. Rf4 Bd3 56. f3 gxf3 57. Rxf3 Ke4 58. Rf4+ Kxe3
59. h3 Ke2 1/2-1/2

[Event "6. Raiffeisen Open - A"]
[Site "Aschach"]
[Date "1997.12.26"]
[Round "1"]
[White "Angerer, Michael"]
[Black "Kranzl, Peter"]
[Result "0-1"]
[WhiteElo "2010"]
[BlackElo "2265"]
[PlyCount "69"]
[EventDate "1997.??.??"]
[Source "Union Hartkirch"]
[SourceDate "1998.01.01"]

1. d4 Nf6 2. Nf3 g6 3. Bf4 Bg7 4. e3 O-O 5. Nbd2 d6 6. h3 b6 7. a4 a5 8. Be2
Bb7 9. O-O h6 10. Bd3 Nc6 11. c3 e5 12. Bh2 Qe7 13. dxe5 Nxe5 14. Nxe5 dxe5 15.
Qe2 Nd7 16. Rad1 Nc5 17. Bc2 Qe6 18. e4 Ba6 19. c4 Rad8 20. Rfe1 Rd6 21. b3
Rfd8 22. Nf3 Bb7 23. Rxd6 Rxd6 24. Qe3 f6 25. Nh4 Qe8 26. f4 exf4 27. Bxf4 Re6
28. Qg3 f5 29. e5 Ne4 30. Bxe4 Bxe4 31. Rd1 g5 32. Bxg5 hxg5 33. Qxg5 Qe7 34.
Rd8+ Kh7 35. Qd2 0-1

[Event "6. Raiffeisen Open - A"]
[Site "Aschach"]
[Date "1997.12.26"]
[Round "1"]
[White "Krupa, Krzysztof"]
[Black "Balinov, Ilija"]
[Result "0-1"]
[WhiteElo "2070"]
[BlackElo "2560"]
[PlyCount "52"]
[EventDate "1997.??.??"]
[Source "Union Hartkirch"]
[SourceDate "1998.01.01"]

1. e4 c5 2. Nf3 e6 3. d4 cxd4 4. Nxd4 a6 5. c4 Nf6 6. Nc3 Qc7 7. Be2 Bb4 8. O-O
Nc6 9. Nxc6 bxc6 10. Qd4 Bd6 11. g3 O-O 12. f4 e5 13. Qf2 exf4 14. gxf4 Bb4 15.
e5 Bxc3 16. bxc3 Ne4 17. Qd4 d5 18. Bd3 Bh3 19. Ba3 Rfd8 20. Rf3 dxc4 21. Bd6
Nxd6 22. exd6 Rxd6 23. Qxc4 Qb6+ 24. Rf2 Rad8 25. Re1 h6 26. Bf1 Rg6+ 0-1

[Event "6. Raiffeisen Open - A"]
[Site "Aschach"]
[Date "1997.12.26"]
[Round "1"]
[White "Stanec, Nikolaus"]
[Black "Schneider-Zinner, Werner"]
[Result "1-0"]
[WhiteElo "2465"]
[BlackElo "2041"]
[PlyCount "75"]
[EventDate "1997.??.??"]
[Source "Union Hartkirch"]
[SourceDate "1998.01.01"]

1. e4 d6 2. d4 Nf6 3. Nc3 g6 4. Bg5 Bg7 5. Qd2 c6 6. Bh6 Bxh6 7. Qxh6 Nbd7 8.
O-O-O b5 9. e5 b4 10. Nce2 Nd5 11. Nf4 Nxf4 12. Qxf4 Nb6 13. Nf3 Be6 14. Ng5
Qd7 15. exd6 Qxd6 16. Qh4 O-O-O 17. Ba6+ Kb8 18. Nxe6 Qxe6 19. Kb1 Qd6 20. Rd3
Nd5 21. Rb3 Nc7 22. Be2 Ka8 23. Bf3 Rb8 24. Qg3 Rhd8 25. Rc1 Nd5 26. c4 bxc3
27. Qxd6 Rxd6 28. bxc3 Rxb3+ 29. axb3 Kb7 30. Kc2 Nc7 31. b4 Re6 32. Ra1 Kb6
33. c4 a6 34. Kd3 Ka7 35. Bg4 Rd6 36. Rd1 e6 37. Bf3 Rd8 38. Bxc6 1-0

[Event "6. Raiffeisen Open - A"]
[Site "Aschach"]
[Date "1997.12.26"]
[Round "1"]
[White "Teske, Henrik"]
[Black "Zoister, Stefan"]
[Result "1/2-1/2"]
[WhiteElo "2515"]
[BlackElo "2050"]
[PlyCount "69"]
[EventDate "1997.??.??"]
[Source "Union Hartkirch"]
[SourceDate "1998.01.01"]

1. e4 Nc6 2. d4 d5 3. exd5 Qxd5 4. Nf3 e5 5. Nc3 Bb4 6. Bd2 Bxc3 7. Bxc3 e4 8.
Ne5 Nxe5 9. dxe5 Ne7 10. Qh5 Be6 11. Be2 O-O-O 12. O-O Qc6 13. Bg4 Nd5 14. Rae1
Nxc3 15. bxc3 g6 16. Bxe6+ Qxe6 17. Qg5 Rd5 18. Rxe4 f5 19. Ra4 Qxe5 20. Rxa7
Kb8 21. c4 Rd4 22. Ra4 Re8 23. g3 Qe2 24. Qc1 Rxc4 25. Qa3 Rxa4 26. Qxa4 Qe4
27. Qd7 h5 28. Rd1 h4 29. Qd3 hxg3 30. hxg3 Qc6 31. c4 Re4 32. Qa3 Re8 33. Qd3
Re4 34. Qa3 Re8 35. Qd3 1/2-1/2

[Event "6. Raiffeisen Open - A"]
[Site "Aschach"]
[Date "1997.12.26"]
[Round "1"]
[White "Brustman, Agnieszka"]
[Black "Eberhart, Arnold"]
[Result "1-0"]
[WhiteElo "2380"]
[BlackElo "2027"]
[PlyCount "41"]
[EventDate "1997.??.??"]
[Source "Union Hartkirch"]
[SourceDate "1998.01.01"]

1. e4 c5 2. Nf3 e6 3. d4 Qa5+ 4. Nc3 Nf6 5. Bd2 cxd4 6. Nxd4 Nxe4 7. Nxe4 Qe5
8. Qf3 Qxd4 9. O-O-O d5 10. Ng3 Bd6 11. Nh5 Nd7 12. Bg5 Ne5 13. Rxd4 Nxf3 14.
gxf3 f6 15. Be3 Kf7 16. Rd1 Bd7 17. f4 Bc6 18. Bg2 Rhd8 19. f5 exf5 20. Bxd5+
Bxd5 21. Rxd5 1-0

[Event "6. Raiffeisen Open - A"]
[Site "Aschach"]
[Date "1997.??.26"]
[Round "1"]
[White "Schoepf, Andreas"]
[Black "Weiss, Christian"]
[Result "0-1"]
[WhiteElo "2015"]
[BlackElo "2325"]
[PlyCount "80"]
[EventDate "1997.??.??"]
[Source "Union Hartkirch"]
[SourceDate "1998.01.01"]

1. e4 d6 2. Nf3 Nf6 3. Nc3 g6 4. d4 Bg7 5. Be2 O-O 6. Bg5 Nc6 7. Qd2 Bg4 8. d5
Bxf3 9. gxf3 Nb8 10. h4 Nh5 11. f4 f6 12. Bxh5 gxh5 13. f5 fxg5 14. hxg5 Qe8
15. O-O-O Nd7 16. Rh4 Ne5 17. Qe2 Ng6 18. fxg6 hxg6 19. f4 e5 20. f5 gxf5 21.
exf5 Rxf5 22. Ne4 Qg6 23. Rdh1 Rf4 24. Qd3 Rxh4 25. Rxh4 Rf8 26. Rh1 Rf4 27.
Re1 Qf5 28. c4 h4 29. Qe3 h3 30. Nd2 h2 31. Rh1 Rf2 32. Qg3 Qf4 33. Qxf4 exf4
34. Nf1 Bxb2+ 35. Kd1 Be5 36. Nxh2 Rxa2 37. Nf1 a5 38. Rh6 Ra1+ 39. Ke2 f3+ 40.
Kf2 Bd4+ 0-1

[Event "6. Raiffeisen Open - A"]
[Site "Aschach"]
[Date "1997.12.26"]
[Round "1"]
[White "Marjanovic, Slavko"]
[Black "Kuczynski, Robert"]
[Result "0-1"]
[WhiteElo "2045"]
[BlackElo "2495"]
[PlyCount "58"]
[EventDate "1997.??.??"]
[Source "Union Hartkirch"]
[SourceDate "1998.01.01"]

1. d4 d5 2. Nf3 Nf6 3. c4 e6 4. e3 c5 5. Nc3 Nc6 6. Be2 a6 7. O-O dxc4 8. a4
cxd4 9. exd4 Na5 10. Bg5 Be7 11. Qc2 b6 12. Rad1 Bb7 13. Ne5 Rc8 14. f4 g6 15.
Bh6 Nd5 16. Nxd5 Bxd5 17. Bf3 Rg8 18. Qf2 Bxf3 19. Qxf3 Qd5 20. Qg3 f6 21. Nf3
Qh5 22. Qe1 Qd5 23. Qh4 Nc6 24. g4 Rd8 25. Qf2 Rd7 26. Rfe1 Bb4 27. Re2 Kd8 28.
Qh4 Qxf3 29. Qxf6+ Re7 0-1

[Event "6. Raiffeisen Open - A"]
[Site "Aschach"]
[Date "1997.12.26"]
[Round "1"]
[White "Laschet, Ewald"]
[Black "Rogulj, Branko"]
[Result "0-1"]
[WhiteElo "2036"]
[BlackElo "2415"]
[PlyCount "74"]
[EventDate "1997.??.??"]
[Source "Union Hartkirch"]
[SourceDate "1998.01.01"]

1. d4 Nf6 2. Nf3 g6 3. c4 Bg7 4. Nc3 d5 5. cxd5 Nxd5 6. e4 Nxc3 7. bxc3 O-O 8.
Qd2 c5 9. Rb1 Nd7 10. Be2 cxd4 11. cxd4 Nf6 12. Qd3 b6 13. O-O Nxe4 14. Qxe4
Bf5 15. Qh4 Bxb1 16. Ba3 Bxa2 17. Bxe7 Qd7 18. Ne5 Qa4 19. Ng4 f5 20. Nf6+ Bxf6
21. Bxf6 Bd5 22. Qg5 Rxf6 23. Qxf6 Re8 24. Rc1 Qd7 25. Bf3 Bxf3 26. gxf3 Qe7
27. Qc6 Rd8 28. Qc4+ Kg7 29. d5 Rxd5 30. Qc3+ Qe5 31. Qb4 Rd4 32. Qa3 Rd7 33.
Qb4 Qd4 34. Rc4 Qd2 35. Qa3 Qg5+ 36. Kf1 Rd1+ 37. Ke2 Qd2# 0-1

[Event "6. Raiffeisen Open - A"]
[Site "Aschach"]
[Date "1997.12.26"]
[Round "1"]
[White "Ganaus, Hannes"]
[Black "Mayerhofer, Peter"]
[Result "1/2-1/2"]
[WhiteElo "2260"]
[BlackElo "1991"]
[PlyCount "36"]
[EventDate "1997.??.??"]
[Source "Union Hartkirch"]
[SourceDate "1998.01.01"]

1. d4 f5 2. g3 Nf6 3. Bg2 g6 4. Nh3 Bg7 5. c3 c6 6. Nf4 O-O 7. h4 Ng4 8. e4 e5
9. dxe5 Nxe5 10. Qb3+ Kh8 11. h5 g5 12. Ng6+ Nxg6 13. hxg6 h6 14. Be3 fxe4 15.
Bd4 d5 16. Rxh6+ Kg8 17. Qd1 Bxd4 18. Qxd4 Qf6 1/2-1/2

[Event "6. Raiffeisen Open - A"]
[Site "Aschach"]
[Date "1997.12.26"]
[Round "1"]
[White "Doppelhammer, Herbert"]
[Black "Wohlfahrt, Herbert"]
[Result "1/2-1/2"]
[WhiteElo "2001"]
[BlackElo "2260"]
[PlyCount "88"]
[EventDate "1997.??.??"]
[Source "Union Hartkirch"]
[SourceDate "1998.01.01"]

1. d4 Nf6 2. Nf3 g6 3. c4 Bg7 4. Nc3 O-O 5. e3 c5 6. Be2 cxd4 7. Nxd4 Nc6 8.
O-O d6 9. b3 Bd7 10. Bb2 a6 11. Rc1 Rb8 12. Nd5 Nxd5 13. cxd5 Nxd4 14. Bxd4
Bxd4 15. Qxd4 Qa5 16. Rc2 Rfc8 17. Rd2 Qc3 18. Qxc3 Rxc3 19. Rfd1 Rbc8 20. Bd3
R8c5 21. Bb1 Bb5 22. e4 a5 23. Re1 Kg7 24. f3 Kf6 25. Kf2 Ke5 26. h4 Rc1 27.
Rdd1 Rxd1 28. Rxd1 a4 29. bxa4 Bxa4 30. Rd2 Rc1 31. Rb2 b5 32. Bd3 f5 33. exf5
gxf5 34. Re2+ Kxd5 35. Bxf5 e5 36. Bxh7 b4 37. h5 Ke6 38. Bg8+ Kf5 39. Rd2 Kg5
40. g4 Kf4 41. Bd5 Bc2 42. Kg2 Ke3 43. Rf2 Kf4 44. Rd2 Ke3 1/2-1/2

[Event "6. Raiffeisen Open - A"]
[Site "Aschach"]
[Date "1997.12.26"]
[Round "1"]
[White "Hoeglinger, Christian"]
[Black "Hertneck, Gerald"]
[Result "0-1"]
[WhiteElo "2056"]
[BlackElo "2525"]
[PlyCount "40"]
[EventDate "1997.??.??"]
[Source "Union Hartkirch"]
[SourceDate "1998.01.01"]

1. e4 g6 2. d4 d6 3. Nc3 c6 4. Bc4 Bg7 5. Be3 Nf6 6. f3 d5 7. Bb3 dxe4 8. Nxe4
Nd5 9. Bxd5 cxd5 10. Nc3 b6 11. Qd2 h5 12. Nge2 Ba6 13. O-O Nc6 14. Rfe1 e6 15.
Nf4 O-O 16. Qf2 Qd6 17. Rad1 Rac8 18. Qg3 Rfd8 19. Qg5 Ne7 20. g4 f6 0-1

[Event "6. Raiffeisen Open - A"]
[Site "Aschach"]
[Date "1997.12.26"]
[Round "1"]
[White "Epishin, Vladimir"]
[Black "Halser, Walter"]
[Result "1-0"]
[WhiteElo "2570"]
[BlackElo "2085"]
[PlyCount "45"]
[EventDate "1997.??.??"]
[Source "Union Hartkirch"]
[SourceDate "1998.01.01"]

1. d4 Nf6 2. c4 e6 3. Nf3 b6 4. g3 Bb7 5. Bg2 c5 6. d5 exd5 7. Nh4 g6 8. Nc3
Bg7 9. O-O O-O 10. Bg5 h6 11. Bxf6 Bxf6 12. Nxg6 fxg6 13. Bxd5+ Bxd5 14. Qxd5+
Kg7 15. Qxa8 Bxc3 16. bxc3 Qc7 17. Qe4 Nc6 18. Rad1 Rf7 19. f4 Re7 20. Qf3 Rf7
21. Rd5 Nd8 22. Qd3 Qc6 23. Rd6 1-0

[Event "6. Raiffeisen Open - A"]
[Site "Aschach"]
[Date "1997.12.26"]
[Round "1"]
[White "Beim, Valery"]
[Black "Lipok, Erik"]
[Result "1-0"]
[WhiteElo "2535"]
[BlackElo "2057"]
[PlyCount "53"]
[EventDate "1997.??.??"]
[Source "Union Hartkirch"]
[SourceDate "1998.01.01"]

1. c4 c5 2. Nf3 Nc6 3. Nc3 g6 4. e3 Bg7 5. d4 b6 6. Be2 Bb7 7. O-O d6 8. d5 Nb8
9. e4 Nd7 10. Bf4 a6 11. Re1 Qc7 12. Bf1 Ne5 13. Qa4+ Kf8 14. Nxe5 dxe5 15. Be3
Nf6 16. b4 Ne8 17. bxc5 bxc5 18. Qa3 Nd6 19. Bxc5 Rc8 20. Bb4 Nxc4 21. Bxc4
Qxc4 22. Bxe7+ Kg8 23. Na4 Qd4 24. Rad1 Qa7 25. Bc5 Qb8 26. Nb6 Rd8 27. Qa4 1-0

[Event "6. Raiffeisen Open - A"]
[Site "Aschach"]
[Date "1997.12.26"]
[Round "1"]
[White "Dumancic , Pero"]
[Black "Mahdy, Khaled"]
[Result "0-1"]
[WhiteElo "2400"]
[BlackElo "2031"]
[PlyCount "70"]
[EventDate "1997.??.??"]
[Source "Union Hartkirch"]
[SourceDate "1998.01.01"]

1. d4 Nf6 2. c4 c5 3. d5 g6 4. Nc3 Bg7 5. e4 O-O 6. Be3 d6 7. f3 e6 8. dxe6
Bxe6 9. Qd2 Nc6 10. O-O-O Qa5 11. a3 Ne5 12. Nd5 Qxd2+ 13. Rxd2 Nxd5 14. cxd5
Bd7 15. h3 f5 16. f4 fxe4 17. Rd1 Ba4 18. Rd2 Nd3+ 19. Bxd3 exd3 20. Nf3 Rae8
21. Bf2 Rxf4 22. Bg3 Rc4+ 23. Kb1 Bh6 24. Bxd6 Bxd2 25. Nxd2 Rd4 26. Bxc5 Rxd5
27. Bb4 Bc2+ 28. Ka2 a5 29. Bc3 a4 30. b4 axb3+ 31. Kb2 Rf5 32. Nf3 Rxf3 33.
gxf3 Re2 34. Kc1 b2+ 35. Bxb2 Ba4 0-1

[Event "6. Raiffeisen Open - A"]
[Site "Aschach"]
[Date "1997.12.27"]
[Round "2"]
[White "Kuczynski, Robert"]
[Black "Hamberger, Hermann"]
[Result "1-0"]
[WhiteElo "2495"]
[BlackElo "2175"]
[PlyCount "122"]
[EventDate "1997.??.??"]
[Source "Union Hartkirch"]
[SourceDate "1998.01.01"]

1. e4 c5 2. Nf3 d6 3. d4 cxd4 4. Nxd4 Nf6 5. Nc3 g6 6. Be3 Bg7 7. f3 Nc6 8. Qd2
O-O 9. O-O-O d5 10. exd5 Nxd5 11. Nxc6 bxc6 12. Bd4 e5 13. Bc5 Be6 14. Ne4 Re8
15. h4 Nf6 16. Qxd8 Raxd8 17. Rxd8 Rxd8 18. Ng5 Nd5 19. Nxe6 fxe6 20. Bc4 Rd7
21. Re1 Kf7 22. g3 Ne7 23. Bd3 Nf5 24. Bf2 Bh6+ 25. Kb1 Bg7 26. g4 Ne7 27. Be4
Nd5 28. c3 a5 29. Kc2 Bf6 30. a3 Rb7 31. g5 Bg7 32. Rd1 Ke8 33. c4 Ne7 34. Bc5
Rd7 35. Rxd7 Kxd7 36. Bxe7 Kxe7 37. Bxc6 Kd6 38. Be8 Kc5 39. Kb3 e4 40. fxe4
Be5 41. Bf7 a4+ 42. Kxa4 Bxb2 43. Bxe6 Be5 44. Bg8 Bg3 45. Kb3 Bxh4 46. Bxh7
Bxg5 47. Bxg6 Bf6 48. a4 Be5 49. Bf5 Bc7 50. Bc8 Kb6 51. Kb4 Bd6+ 52. Kc3 Be5+
53. Kd3 Ka5 54. Bd7 Kb4 55. Bb5 Bf6 56. Ke3 Be5 57. Kf3 Bc7 58. Kg4 Kc5 59. Kf5
Kd4 60. Ke6 Kxe4 61. c5 Kd4 1-0

[Event "6. Raiffeisen Open - A"]
[Site "Aschach"]
[Date "1997.12.27"]
[Round "2"]
[White "Weiss, Christian"]
[Black "Knechtel, Roland"]
[Result "1/2-1/2"]
[WhiteElo "2325"]
[BlackElo "2145"]
[PlyCount "139"]
[EventDate "1997.??.??"]
[Source "Union Hartkirch"]
[SourceDate "1998.01.01"]

1. Nf3 c5 2. c4 Nf6 3. g3 b6 4. Bg2 Bb7 5. O-O e6 6. Nc3 a6 7. Re1 Qc7 8. e4 d6
9. d3 Nbd7 10. Bf4 Ne5 11. Nxe5 dxe5 12. Be3 Bd6 13. a3 O-O 14. Rb1 h6 15. b4
Rfd8 16. Qb3 Rab8 17. Bf3 Nh7 18. Be2 Kh8 19. bxc5 bxc5 20. Qb6 Qc8 21. Qa5 Nf6
22. Rb2 Nd7 23. Reb1 Rf8 24. Na4 f5 25. f3 g5 26. Qc3 Qc6 27. Rb6 Nxb6 28. Rxb6
Qc7 29. Rxd6 Qxd6 30. Bxc5 Qc7 31. Bxf8 Rxf8 32. c5 Rc8 33. exf5 exf5 34. d4
Qc6 35. Qb4 exd4 36. Qxd4+ Kh7 37. Bd3 Rf8 38. Be2 g4 39. Kf2 gxf3 40. Bd3 Qf6
41. Qb4 Rf7 42. Nb6 a5 43. Qc4 Re7 44. Nd5 Qb2+ 45. Kxf3 Bc6 46. Bxf5+ Kh8 47.
Be4 Qxa3+ 48. Kf4 Rf7+ 49. Bf5 Qb2 50. Qc3+ Qxc3 51. Nxc3 Bd7 52. g4 a4 53. Ke5
a3 54. Bxd7 Rxd7 55. c6 Rd3 56. Na2 Rd2 57. c7 Rc2 58. Kd6 Kg7 59. Nb4 Rc1 60.
Nc6 Rd1+ 61. Ke6 Re1+ 62. Kd6 Rd1+ 63. Ke6 Re1+ 64. Kd6 a2 65. c8=Q a1=Q 66.
Qd7+ Kf8 67. Qf5+ Kg7 68. Qd7+ Kh8 69. Qc8+ Kh7 70. Qf5+ 1/2-1/2

[Event "6. Raiffeisen Open - A"]
[Site "Aschach"]
[Date "1997.12.27"]
[Round "2"]
[White "Grabher, Heinz"]
[Black "Konrad, Edmund"]
[Result "1/2-1/2"]
[WhiteElo "2260"]
[BlackElo "2095"]
[PlyCount "35"]
[EventDate "1997.??.??"]
[Source "Union Hartkirch"]
[SourceDate "1998.01.01"]

1. e4 d5 2. exd5 Nf6 3. d4 Nxd5 4. c4 Nb6 5. Nf3 g6 6. Be2 Bg7 7. O-O O-O 8. h3
Nc6 9. d5 Ne5 10. Qb3 e6 11. Nc3 exd5 12. cxd5 c6 13. dxc6 bxc6 14. Nxe5 Bxe5
15. Be3 Be6 16. Qa3 Qh4 17. Qc5 Nd5 18. Nxd5 1/2-1/2

[Event "6. Raiffeisen Open - A"]
[Site "Aschach"]
[Date "1997.12.27"]
[Round "2"]
[White "Hertneck, Gerald"]
[Black "Hackbarth, Wolfgang"]
[Result "1-0"]
[WhiteElo "2545"]
[BlackElo "2185"]
[PlyCount "77"]
[EventDate "1997.??.??"]
[Source "Union Hartkirch"]
[SourceDate "1998.01.01"]

1. d4 Nf6 2. c4 g6 3. Nc3 Bg7 4. e4 O-O 5. Nf3 d6 6. Be2 Nc6 7. d5 Nb4 8. O-O
a5 9. Be3 Bd7 10. Nd4 c5 11. Ndb5 Na6 12. Qd2 Nc7 13. a4 Nxb5 14. axb5 b6 15.
Bh6 Ng4 16. Bxg7 Kxg7 17. f4 f6 18. e5 dxe5 19. Bxg4 Bxg4 20. fxe5 Bf5 21. Rae1
e6 22. exf6+ Rxf6 23. Re5 Qd6 24. Qe3 Raf8 25. Re1 exd5 26. Nxd5 R6f7 27. Qc3
Kh6 28. h3 Bc8 29. R5e4 g5 30. Qe3 Rf3 31. Rh4+ Kg7 32. Qxg5+ Kh8 33. gxf3 Rg8
34. Re8 Rxe8 35. Rxh7+ Kxh7 36. Nf6+ Qxf6 37. Qxf6 Be6 38. Kf2 Kg8 39. b3 1-0

[Event "6. Raiffeisen Open - A"]
[Site "Aschach"]
[Date "1997.12.27"]
[Round "2"]
[White "Ebner , Josef"]
[Black "Schelle, Artur"]
[Result "0-1"]
[WhiteElo "1932"]
[BlackElo "2260"]
[PlyCount "70"]
[EventDate "1997.??.??"]
[Source "Union Hartkirch"]
[SourceDate "1998.01.01"]

1. Nf3 c5 2. g3 Nc6 3. Bg2 g6 4. O-O Bg7 5. d3 e5 6. e4 Nge7 7. Nbd2 O-O 8. Re1
d6 9. c3 h6 10. Nc4 b5 11. Ne3 Be6 12. b3 Qd7 13. Bb2 b4 14. cxb4 Nxb4 15. a3
Nbc6 16. b4 Rfb8 17. Bc3 cxb4 18. axb4 Nxb4 19. d4 Na2 20. Rxa2 Bxa2 21. Qa1
Bb3 22. dxe5 dxe5 23. Nxe5 Qa4 24. Qc1 Rd8 25. N3g4 Rac8 26. Bh3 h5 27. Nf6+
Bxf6 28. Bxc8 Rxc8 29. Qe3 Bg7 30. Ra1 Qb5 31. Ra5 Qb6 32. Qd2 Be6 33. Bd4 Qb1+
34. Kg2 Qxe4+ 35. f3 Qc2 0-1

[Event "6. Raiffeisen Open - A"]
[Site "Aschach"]
[Date "1997.12.27"]
[Round "2"]
[White "Kranzl, Peter"]
[Black "Nickl, Klaus"]
[Result "1/2-1/2"]
[WhiteElo "2265"]
[BlackElo "2140"]
[PlyCount "38"]
[EventDate "1997.??.??"]
[Source "Union Hartkirch"]
[SourceDate "1998.01.01"]

1. e4 e5 2. Nf3 Nc6 3. c3 Nf6 4. d4 Nxe4 5. d5 Ne7 6. Nxe5 Ng6 7. Nxg6 hxg6 8.
Bd3 Nf6 9. O-O Be7 10. c4 d6 11. Nc3 Ng4 12. h3 Ne5 13. Be2 g5 14. Nb5 Bf6 15.
Be3 Ng6 16. Qd2 Nh4 17. Bg4 Bxg4 18. hxg4 Ng6 19. Rfe1 O-O 1/2-1/2

[Event "6. Raiffeisen Open - A"]
[Site "Aschach"]
[Date "1997.12.27"]
[Round "2"]
[White "Grimm, Sven"]
[Black "Epishin, Vladimir"]
[Result "0-1"]
[WhiteElo "2205"]
[BlackElo "2570"]
[PlyCount "90"]
[EventDate "1997.??.??"]
[Source "Union Hartkirch"]
[SourceDate "1998.01.01"]

1. d4 g6 2. e4 Bg7 3. Nf3 d6 4. Nc3 a6 5. a4 Bg4 6. Be3 Nd7 7. Be2 e6 8. O-O
Ne7 9. h3 Bxf3 10. Bxf3 c5 11. Qd2 Qc7 12. Rfd1 Rd8 13. Ne2 cxd4 14. Bxd4 Bxd4
15. Nxd4 O-O 16. Ra3 Ne5 17. Be2 d5 18. Qf4 dxe4 19. Qxe4 Rd5 20. f4 N5c6 21.
Nxc6 bxc6 22. Kf1 Rb8 23. Rb3 Nf5 24. Rxd5 Rxb3 25. Qe5 Qxe5 26. Rxe5 Rxb2 27.
Rc5 Ne3+ 28. Kf2 Nxc2 29. Kg3 Rb3+ 30. Kf2 Nb4 31. Ra5 h5 32. Bxa6 h4 33. Be2
Nd5 34. Bf3 Ra3 35. Ra8+ Kg7 36. a5 c5 37. a6 Nxf4 38. Bb7 Nd5 39. Rc8 Nb4 40.
Rxc5 Nxa6 41. Rc6 Nb8 42. Rd6 Rb3 43. Bf3 Rb4 44. Kg1 Kf6 45. Kf2 Ke7 0-1

[Event "6. Raiffeisen Open - A"]
[Site "Aschach"]
[Date "1997.12.27"]
[Round "2"]
[White "Mahdy, Khaled"]
[Black "Fabisch, Christian"]
[Result "1-0"]
[WhiteElo "2400"]
[BlackElo "2160"]
[PlyCount "47"]
[EventDate "1997.??.??"]
[Source "Union Hartkirch"]
[SourceDate "1998.01.01"]

1. e4 c5 2. Nf3 g6 3. g3 Bg7 4. Bg2 Nc6 5. d3 e5 6. O-O Nge7 7. Be3 d6 8. c3
O-O 9. h3 Rb8 10. d4 exd4 11. cxd4 Qb6 12. Nc3 cxd4 13. Na4 Qa6 14. Nxd4 Ne5
15. b3 Bd7 16. Nc3 Rfc8 17. Nce2 N7c6 18. Qd2 Nxd4 19. Nxd4 Rc7 20. Rac1 Rbc8
21. Rxc7 Rxc7 22. Rd1 h5 23. Bf1 Qa3 24. f4 1-0

[Event "6. Raiffeisen Open - A"]
[Site "Aschach"]
[Date "1997.12.27"]
[Round "2"]
[White "Roeberg, Frank"]
[Black "Loidl, Florian"]
[Result "1-0"]
[WhiteElo "2245"]
[BlackElo "1848"]
[PlyCount "75"]
[EventDate "1997.??.??"]
[Source "Union Hartkirch"]
[SourceDate "1998.01.01"]

1. e4 c5 2. Nf3 Nc6 3. d4 cxd4 4. Nxd4 g6 5. c4 Bg7 6. Be3 Nf6 7. Nc3 d6 8. Be2
O-O 9. O-O Bd7 10. f3 Rc8 11. b3 a6 12. Rc1 Ne8 13. Qd2 e5 14. Nc2 Ne7 15. Rfd1
b6 16. Nb4 a5 17. Nbd5 Nxd5 18. Nxd5 Rb8 19. Bf1 Kh8 20. Qf2 f5 21. Bxb6 Qg5
22. Be3 Qh5 23. exf5 gxf5 24. f4 Rb7 25. c5 Be6 26. c6 Bxd5 27. Rxd5 Re7 28.
fxe5 Bxe5 29. Rxe5 dxe5 30. Bc5 Rff7 31. Bxe7 Rxe7 32. Qc5 Qg5 33. Rd1 f4 34.
Rd7 Rg7 35. Qf8+ Rg8 36. Qe7 Qh5 37. c7 Nxc7 38. Qf6+ 1-0